| 000 | 00920nam a22003377a 4500 | ||
|---|---|---|---|
| 001 | BR0501616 | ||
| 003 | BR-BrBNA | ||
| 005 | 20230928101833.0 | ||
| 007 | ta | ||
| 008 | 230509b bl.||||| |||| 00| 0 por d | ||
| 040 |
_aBR-BrBNA _bpor _cBiblioteca Nacional de Agricultura |
||
| 041 | _a(Por) | ||
| 072 |
_aF02; C20 _b0600 _b3530 |
||
| 090 | _ 0600 BR0501616 | ||
| 110 | 1 |
_aInstituto Centro de Ensino Tecnológico, Fortaleza, CE (Brasil) _95957 |
|
| 245 | 1 |
_aProdutor de mudas _bCadernos Tecnológicos |
|
| 250 | 1 | _a2. ed. | |
| 260 | 3 |
_aFortaleza, CE (Brasil): _c2004. |
|
| 300 | _a48 p. | ||
| 500 | _a9 ref.; 34 illus. | ||
| 650 | _aMUDA | ||
| 650 | _aPRODUÇÃO VEGETAL | ||
| 650 | _aPROPAGAÇÃO VEGETATIVA | ||
| 650 | _aENXERTO | ||
| 650 | _aEXTENSÃO RURAL | ||
| 650 | _aPOMAR | ||
| 650 | _aVIVEIRO | ||
| 650 | _aCERTIFICAÇÃO DE MUDA | ||
| 909 |
_a202309 _bLucia _c55 _dLucia Elande |
||
| 942 | _cBK | ||
| 999 |
_c67827 _d67827 |
||